000 00313nam a2200109Ia 4500
008 190216s9999||||xx |||||||||||||| ||und||
100 _aRajendra Pal & Prempuri S Chopra
245 0 _aIncome Tax Central Excise Etc Inspectors Examination
260 _bSulthan Chand&Sons
_c1983
300 _a420p
942 _cREF
999 _c35734
_d35734